When can I say, "I love you"? (Record no. 14788)

000 -LEADER
fixed length control field 00827nam a2200265 a 4500
001 - CONTROL NUMBER
control field :::00012622$&:&@@
003 - CONTROL NUMBER IDENTIFIER
control field OkBaRHE
005 - DATE AND TIME OF LATEST TRANSACTION
control field 20000607103421.0
008 - FIXED-LENGTH DATA ELEMENTS--GENERAL INFORMATION
fixed length control field s1977 j 000 0 eng u
020 ## - INTERNATIONAL STANDARD BOOK NUMBER
International Standard Book Number 0802494366
040 ## - CATALOGING SOURCE
Transcribing agency
100 1# - MAIN ENTRY--PERSONAL NAME
Personal name Rice, Max M. and Rice, Vivian.
245 10 - TITLE STATEMENT
Title When can I say, "I love you"?
260 ## - PUBLICATION, DISTRIBUTION, ETC. (IMPRINT)
Place of publication, distribution, etc Chicago, IL., :
Name of publisher, distributor, etc Moody Press
Date of publication, distribution, etc c1977
300 ## - PHYSICAL DESCRIPTION
Extent 91 p. ;
Dimensions 22 cm.
520 ## - SUMMARY, ETC.
Summary, etc A discussion of dating, love, and marriage for teenage Christians.
650 ## - SUBJECT ADDED ENTRY--TOPICAL TERM
Topical term or geographic name as entry element Christian Life
650 ## - SUBJECT ADDED ENTRY--TOPICAL TERM
Topical term or geographic name as entry element Dating (Social Customs)
650 ## - SUBJECT ADDED ENTRY--TOPICAL TERM
Topical term or geographic name as entry element Love
650 ## - SUBJECT ADDED ENTRY--TOPICAL TERM
Topical term or geographic name as entry element Marriage
650 ## - SUBJECT ADDED ENTRY--TOPICAL TERM
Topical term or geographic name as entry element Mate Selection
General subdivision United States
700 ## - ADDED ENTRY--PERSONAL NAME
Personal name Rice, Vivian, Joint author.
942 ## - ADDED ENTRY ELEMENTS (KOHA)
Source of classification or shelving scheme
Koha item type Books
Copies
Shelving location Source of classification or shelving scheme Permanent Location Not for loan Koha item type Damaged status Date last seen Lost status Copy number Price effective from Barcode Withdrawn status Date acquired Full call number
General Stacks RHEMA Bible Training College Books 2010-04-14 12010-04-1412622 2010-04-14HQ 801 .R44